La marca del Zorrillo /

El vizconde de Texmelucan ofrece una gran fiesta para darle la bienvenida a su hijo recién llegado de Italia, donde estuvo por 10 años aprendiendo esgrima; en el transcurso del evento el vástago tiene un altercado con el abusivo gobernador de la entidad y su capitán, quien lo reta a batirse a espada...

ver descrição completa

Na minha lista:
Detalhes bibliográficos
Autor principal: Martínez Solares, Gilberto (realización)
Outros Autores: Valdés, Germán (actuación) (actuación), Pinal, Silvia (actuación) (actuación), Chávez, Marcelo (actuación) (actuación)
Formato: Slides
Idioma:espanhol
Assuntos:
Tags: Adicionar Tag
Sem tags, seja o primeiro a adicionar uma tag!

MARC

LEADER 00000ngm^a2200000^a^4500
001 000297177
005 20250521000000.0
009 20260310112330.827
037 |a Acervo ITESO - Biblioteca 
041 |a ESP 
082 |a 860.  |b MAR 
100 |a Martínez Solares, Gilberto  |e (realización) 
245 1 3 |a La marca del Zorrillo /  |c Realización de G. Martínez Solares. 
264 2 |a México :  |b Laguna Films [distribución]  |c 2004, c2004 
300 |a 1 DVD sin dato de región  |c (93 min.) 
336 |a imagen móvil bidimensional  |b tdi  |2 rdacontenido 
337 |a video  |b v  |2 rdamedio 
338 |a videodisco  |b vd  |2 rdasoporte 
520 |a El vizconde de Texmelucan ofrece una gran fiesta para darle la bienvenida a su hijo recién llegado de Italia, donde estuvo por 10 años aprendiendo esgrima; en el transcurso del evento el vástago tiene un altercado con el abusivo gobernador de la entidad y su capitán, quien lo reta a batirse a espada. El hijo resultará ser un cobarde y preferirá, sin embargo su suerte cambiará cuando una bruja le da poderes y lo hará invencible por un cierto tiempo, suficiente para reparar su honor. 
649 |a XX 
650 |a Comedias Cinematográficas 
650 |a Cine Mexicano -  |y 1950-1959 
650 |a Cine Mexicano -  |y Siglo XX 
650 |a Cine en Blanco y Negro -  |z México 
650 |a Abuso de Poder 
650 |a Honor 
650 |a Timidez 
650 |a Valentía 
700 |a Valdés, Germán  |e (actuación) 
700 |a Pinal, Silvia  |e (actuación) 
700 |a Chávez, Marcelo  |e (actuación) 
910 |a Fondo General 
920 |a Audiovisuales - DVDs 
940 |a Películas 
905 |a 302 
901 |a 0500177261  |b IT2  |c DVS  |i C115981  |u 20250521 
902 |a https://opac.biblio.iteso.mx/vufind/Record/000297177